000 00644nam a2200181 a 4500
003 DO-SdBNP
005 20220926150559.0
008 110926s1925 000 spa d
040 _aDO-SdBNP
_bspa
_cDO-SdBNP
082 4 _a327.097293
_bO78i
_222
110 1 0 _aRepública Dominicana. Secretaría de Estado Relaciones Exteriores
_972034
245 1 0 _aInforme /
_cPresentado por Rafael Ortíz
260 _aSan Juan,
_c1925.
300 _a(45) p. ;
_c21 cm
590 _aInventariado, 2022 / SA
700 1 _aOrtíz Arzeno, Rafael
_ePresentación
_eConsul general de la República Dominicana en San Juan Puerto Rico
_982436
942 _2ddc
_cLFPD
999 _c33617
_d33617